000
00252nam a2200097Ia 4500
001
1119906
005
20250827004614.0
008
250824s9999 xx 000 0 und d
245
0
_a
MEVLANA TERAPİ 2-8 17
_c
SENAİ DEMİRCİ
260
_b
DESTEK YAYINLARI
999
_c
1119906
_d
1119906